000 00534nam a22001937a 4500
003 KOHA_MİRAKIL
005 20251221174745.0
008 251221b tu ||||| |||| 00| 0 tur d
020 _a9786051961262
040 _aTR-AnABB
_btur
_cTR-AnABB
041 _atur
082 _a332.024009
_bKUC 2018
100 1 _aKüçükkalay, Abdullah Mesud,
245 1 0 _aİktisadi düşüncede faiz /
260 _aKonya :
_bÇizgi Kitabevi,
_c2018
300 _a200 sayfa ;
_c25 cm
650 0 4 _aHukuk ve mevzuat
942 _2ddc
_cBK
999 _c9894
_d9894
900 _bGizem YORULMAZ